000 00642nam a2200181Ia 4500
005 20260429112237.0
008 260429s9999||||xx |||||||||||||| ||und||
020 _a9788177144024
041 _aHindi
082 _a294.463
_bPAN
100 _aपांडे, शिवदास
245 0 _aगौतम - गाथा :
_bम्हाख्यानात्मक ऐतिहासिक उपन्यास /
_cशिवदास पांडे
250 _a1st ed.
260 _aनई दिल्ली :
_bप्रकाशन संस्थान,
_c2012.
300 _a319 p.; Hb
650 _aReligion
942 _cTB
999 _c53082
_d53082